• 首页
  • 本馆介绍
  • 公告通知
  • 最新文献
  • 馆藏检索
  • 电子资源
  • 读者导购
  • 参考咨询
  • 我的图书馆
  • 登录
  • 详细信息显示
  • 放入我的书架
  • 预约/预借图书
  • 作者相关作品
  • 分类相关作品
  • 丛书相关作品
  • 出版社相关作品

书目信息

  • 表格格式
  • 工作单格式
  • 卡片格式
题名:
歌曲写作技法研究
    
 
作者: 张盛 著
分册:  
出版信息: 北京   中国原子能出版社  2021.9
页数: 119页
开本: 26cm
丛书名:
单 册:
中图分类: J614.5
科图分类:
主题词: 歌曲作法--研究
电子资源:
ISBN: 978-7-5221-0607-6
000 00741nam0 2200229 45
001 012001001758
005 20141011113505.0
010    @a978-7-5221-0607-6@dCNY48.00
100    @a20210205d2020 em y0chiy50 ea
101 0  @achi
102    @aCN@b110000
105    @ag z 000yy
106    @ar
200 1  @a歌曲写作技法研究@Age qu xie zuo ji fa yan jiu@f张盛著
210    @a北京@c中国原子能出版社@d2021.9
215    @a119页@d26cm
330    @a本书内容包括:歌曲体裁与主题设计、歌曲的表现要素、歌词选择与词曲关系处理、歌曲的结构布局、附加结构、流行歌曲与艺术歌曲写作技法等。
606 0  @a歌曲作法@x研究
690    @aJ614.5@v5
701  0 @a张盛@Azhang sheng@4著
801  0 @aCN@b江苏凤凰@c20211018
905    @b1345601-4@dJ614.5@e1372@f4
    
    歌曲写作技法研究/张盛著.-北京:中国原子能出版社,2021.9
    119页;26cm
    
    
    ISBN 978-7-5221-0607-6:CNY48.00
    本书内容包括:歌曲体裁与主题设计、歌曲的表现要素、歌词选择与词曲关系处理、歌曲的结构布局、附加结构、流行歌曲与艺术歌曲写作技法等。
●
相关链接 在E读中查询图书 在五车中查询图书 在当当中查询图书 在豆瓣中查询图书


正题名:歌曲写作技法研究     索取号:J614.5/1372         预约/预借

序号 登录号 条形码 馆藏地/架位号 状态 备注
1 1345601   213456017   第一样本阅览室/ [索取号:J614.5/1372] 在馆    
2 1345602   213456026   第一借阅区/ [索取号:J614.5/1372] 在馆    
3 1345603   213456035   第一借阅区/ [索取号:J614.5/1372] 在馆    
4 1345604   213456044   第一借阅区/ [索取号:J614.5/1372] 在馆    
唐山师范学院图书馆 欢迎您!
大连网信软件有限公司© 版权所有